Biometic and Bioorganic Chemistry II

Uložené v:
Podrobná bibliografia
Médium: Kniha
Vydavateľské údaje: Berlin : Akademie Verlag, 1986
Tagy: Pridať tag
Žiadne tagy, Buďte prvý, kto otaguje tento záznam!

MARC

LEADER 00000nam a22000003a 4500
001 stu19783
005 20150408181432.5
008 ------s1986----gw----------------------d
040 |a STU  |b slo 
041 0
044 |a gw 
080 |a 547.1 
245 |a Biometic and Bioorganic Chemistry II 
260 |a Berlin :  |b Akademie Verlag,  |c 1986 
300 |a 175 s :  |b Tab.,grafy,lit 
996 |b C78593  |c C*78593  |l CCIV  |s P  |a 0  |w stu19783_0001